LEADER 01682nam0 22003253i 450 001 PUV0831063 005 20231121125619.0 010 $a285274144X 100 $a20111207d1992 ||||0itac50 ba 101 | $afre 102 $afr 181 1$6z01$ai $bxxxe 182 1$6z01$an 200 1 $a˜Le œCodex 339 de la Bibliotheque de Saint-Gall 210 $aSolesmes$cAssociation Jean-Bougler$aBerne$cP. Lang$d1992 215 $a27, 6 p., 142 p. di tav., facs.$d32 cm. 225 | $aPaléographie musicale$eles principaux manuscrits de chant grègorien, ambrosien, mozarabe, gallican publiés en fac-similés phototypiques par les bénédictins de Solesmes$v1 410 0$1001PUV0831069$12001 $aPaléographie musicale$eles principaux manuscrits de chant grègorien, ambrosien, mozarabe, gallican publiés en fac-similés phototypiques par les bénédictins de Solesmes$v1 606 $aCanto gregoriano$xAccompagnamento$2FIR$3RMLC006039$9E 606 $aCanto gregoriano$xManoscritti$2FIR$3RMLC358689$9I 676 $a780.262$9Musica. Manoscritti$v21 801 3$aIT$bIT-01$c20111207 850 $aIT-FR0084 $aIT-FR0017 899 $aBiblioteca Del Monumento Nazionale Di Montecassino$bFR0084 899 $aBiblioteca umanistica Giorgio Aprea$bFR0017 912 $aPUV0831063 950 0$aBiblioteca umanistica Giorgio Aprea$d 52CIS 780.262 Pr.Mns.1$e 52VM 0000672215 VM barcode:00043861. - Inventario:7920 FLS. - Fondo:Laboratorio documentazione Medioevo meridionaleVM$fB $h20070306$i20121204 977 $a 25$a 52 996 $aCodex 339 de la Bibliotheque de Saint-Gall$93614466 997 $aUNICAS